Návrh multiagentového systému pre riadenie mobilného robotického systému

Guardado en:
Detalles Bibliográficos
Autor principal: Krchnavý, Lukáš, 1988- (Autor)
Otros Autores: Dorner, Jozef, 1950- (Orientador)
Formato: Manuscrito Libro
Lenguaje:eslovaco
Publicado: Bratislava : STU v Bratislave FEI, 2013
Materias:
Acceso en línea:VAIS
Etiquetas: Agregar Etiqueta
Sin Etiquetas, Sea el primero en etiquetar este registro!

MARC

LEADER 00000ntm a22000003a 4500
001 stu271058
005 20150617230238.1
008 130716s2013----xo------------------slo-d
040 |a STU  |b slo 
041 0 |a slo 
044 |a xo 
100 1 |a Krchnavý, Lukáš,  |d 1988-  |4 aut  |u E  |T FEI Fakulta elektrotechniky a informatiky  |X 50783  |U E  |Y 30  |7 A000050783 
242 0 0 |a Proposal multiagent system for managing mobile robotic system  |y eng 
245 1 |a Návrh multiagentového systému pre riadenie mobilného robotického systému 
260 |a Bratislava :  |b STU v Bratislave FEI,  |c 2013 
300 |a 48 s  |c CD-ROOM 
650 7 |a multiagentový systém  |2 stusub 
650 7 |a Aplikovaná informatika  |2 stusub 
650 7 |a Applied Infromatics  |2 estusub 
700 1 |a Dorner, Jozef,  |d 1950-  |4 ths  |u E010  |T FEI Ústav riadenia a priemyselnej informatiky  |X 4937  |U E010  |Y E010  |7 A000004937 
856 4 |a info a plný text  |u http://is.stuba.sk/zp/portal_zp.pl?podrobnosti=89159  |3 VAIS 
996 |b 284EP10673  |c E*DIPL-10673  |l EE23  |s P  |a 0  |w stu271058_0001